[Event "SRI-chB"]
[Site "Colombo"]
[Date "2016.03.12"]
[Round "2"]
[White "Sandeepa, Haputhanthrige N Ak"]
[Black "Peiris, TSS"]
[Result "0-1"]
[WhiteElo "1723"]
[BlackElo "1985"]
[PlyCount "74"]
[EventDate "2016.03.12"]
[EventType "swiss"]
[EventRounds "10"]
[EventCountry "SRI"]
[SourceTitle "CBM 171 Extra"]
[Source "ChessBase"]
[SourceDate "2016.04.26"]
[SourceVersion "1"]
[SourceVersionDate "2016.04.26"]
[SourceQuality "1"]

1. Nf3 Nf6 2. g3 b6 3. Bg2 Bb7 4. 0-0 g6 5. d4 Bg7 6. c4 0-0 7. Nc3 d6 8. Re1 Nbd7 9. e4 e5 10. dxe5 dxe5 11. Qc2 c6 12. h3 Qe7 13. Be3 Rfd8 14. a4 Ba6 15. Bf1 Nf8 16. a5 N6d7 17. Qa4 Qd6 18. c5 Nxc5 19. Bxc5 Qxc5 20. Bxa6 b5 21. Qb3 Qe7 22. Na2 Rab8 23. Nb4 Qf6 24. Rac1 Rd6 25. Red1 Re6 26. Kg2 c5 27. Rxc5 Rxa6 28. Nxa6 Qxa6 29. Nxe5 Bxe5 30. Rxe5 Qb7 31. Qd5 Qc7 32. Qd6 Qc8 33. Qd5 Ne6 34. Qd7 Qf8 35. Qxa7 Ra8 36. Qb7 Rb8 37. Qd7 Rd8 0-1